Normal view
MARC view
- Christie, Agatha,
Entry Personal Name
001 - CONTROL NUMBER
- control field: 2976
003 - CONTROL NUMBER IDENTIFIER
- control field: NUST
005 - DATE AND TIME OF LATEST TRANSACTION
- control field: 20170620140716.0
008 - FIXED-LENGTH DATA ELEMENTS
- fixed length control field: 170620|| aca||aabn | a|a d
040 ## - CATALOGING SOURCE
- Original cataloging agency: NUST
- Transcribing agency: NUST
100 ## - HEADING--PERSONAL NAME
- Personal name: Christie, Agatha,
- Dates associated with a name: 1890-1976.
670 ## - SOURCE DATA FOUND
- Source citation: Work cat.: (NUST)0: Christie, Agatha, 1890-1976., Endless night /, 1967.
